书目信息 |
| 题名: |
水葫芦监测与防治
|
|
| 作者: | 付卫东 , 张国良 , 张瑞海 著 | |
| 分册: | ||
| 出版信息: | 北京 中国农业出版社 2018 |
|
| 页数: | 151页 | |
| 开本: | 21cm | |
| 丛书名: | 外来入侵生物防控系列丛书 | |
| 单 册: | ||
| 中图分类: | S555 | |
| 科图分类: | ||
| 主题词: | 凤眼莲--侵入种--监测 , 凤眼莲--侵入种--防治 | |
| 电子资源: | ||
| ISBN: | 978-7-109-23609-7 | |
| 000 | 00961oam2 2200289 450 | |
| 001 | 012001003169 | |
| 005 | 20140101111510.0 | |
| 010 | @a978-7-109-23609-7@dCNY48.00 | |
| 100 | @a20181129d2018 em y0chiy50 ea | |
| 101 | 0 | @achi |
| 102 | @aCN@b110000 | |
| 105 | @aa z 000yy | |
| 106 | @ar | |
| 200 | 1 | @a水葫芦监测与防治@9shui hu lu jian ce yu fang zhi@f付卫东,张国良,张瑞海等著 |
| 210 | @a北京@c中国农业出版社@d2018 | |
| 215 | @a151页@c图@d21cm | |
| 225 | 1 | @a外来入侵生物防控系列丛书 |
| 330 | @a本书系统介绍了水葫芦的分类地位、形态特征、发生与危害、生物学与生态学特性、检验检疫、调查与监测、综合防治等知识。 | |
| 461 | 0 | @12001 @a外来入侵生物防控系列丛书 |
| 606 | 0 | @a凤眼莲@x侵入种@x监测 |
| 606 | 0 | @a凤眼莲@x侵入种@x防治 |
| 690 | @aS555@v5 | |
| 701 | 0 | @a付卫东@9fu wei dong@4著 |
| 701 | 0 | @a张国良@9zhang guo liang@4著 |
| 701 | 0 | @a张瑞海@9zhang rui hai@4著 |
| 801 | 0 | @aCN@b北京卓展@c20191020 |
| 905 | @b1210631-4@dS555@e109@f4 | |
| 水葫芦监测与防治/付卫东,张国良,张瑞海等著.-北京:中国农业出版社,2018 |
| 151页:图;21cm.-(外来入侵生物防控系列丛书) |
| ISBN 978-7-109-23609-7:CNY48.00 |
| 本书系统介绍了水葫芦的分类地位、形态特征、发生与危害、生物学与生态学特性、检验检疫、调查与监测、综合防治等知识。 |
| ● |
| 相关链接 |
|
|
|
|
正题名:水葫芦监测与防治
索取号:S555/109
 
预约/预借
| 序号 | 登录号 | 条形码 | 馆藏地/架位号 | 状态 | 备注 |
| 1 | 1210631 | 212106317 | 第二样本阅览室/ [索取号:S555/109] | 在馆 | |
| 2 | 1210632 | 212106326 | 第三借阅区/ [索取号:S555/109] | 在馆 | |
| 3 | 1210633 | 212106335 | 第三借阅区/ [索取号:S555/109] | 在馆 | |
| 4 | 1210634 | 212106344 | 第三借阅区/ [索取号:S555/109] | 在馆 |